[Event "2024 British Rapidplay Championship"]
[Site "Holiday Inn Peterborough - West"]
[Date "2024.03.02"]
[Round "2.71"]
[White "Sisupalan, Beni"]
[Black "Blair, Jimmy"]
[Result "1-0"]
[WhiteFideId "494585"]
[BlackFideId "437565"]
[WhiteElo "1756"]
[BlackElo "1580"]
[EventDate "2024.03.02"]

1. e4 e5 2. Nf3 Nc6 3. Bc4 h6 4. Nc3 a6 5. d4 exd4 6. Nxd4 Nxd4 7. Qxd4 Nf6 8. e5
c5 9. Qf4 d5 10. Be2 Ne4 11. Nxe4 dxe4 12. Qxe4 Be6 13. O-O Be7 14. Bf3 O-O 15. Rd1
Qc7 16. Qxb7 Qxb7 17. Bxb7 Rad8 18. Be3 a5 19. b3 c4 20. Be4 cxb3 21. axb3 Rc8 22.
Rxa5 Bb4 23. Rb5 Bc3 24. f4 Bg4 25. Rd6 Be2 26. Rb7 Rfd8 27. Kf2 Rxd6 28. exd6 Ba6
29. Ra7 Bb5 30. d7 Rd8 31. Bb6 Bxd7 32. Kf3 f5 33. Bd5+ Kh7 34. Bxd8 Bb5 35. Bb6
Be8 36. Re7 Bh5+ 37. Kf2 Bf6 38. Ra7 Bd1 39. Rc7 Bd8 40. Rc6 Bxb6+ 41. Rxb6 Bxc2
42. b4 h5 43. Bf7 g6 44. Rb7 Kh6 45. Bg8 g5 46. g3 gxf4 47. gxf4 Be4 48. Re7 Kg6
49. b5 Kf6 50. Rc7 1-0

[Event "2024 British Rapidplay Championship"]
[Site "Holiday Inn Peterborough - West"]
[Date "2024.03.02"]
[Round "2.72"]
[White "Brookbanks, Alan"]
[Black "Mittal, Aditya"]
[Result "0-1"]
[WhiteFideId "343443389"]
[BlackFideId "499250"]
[WhiteElo "1569"]
[BlackElo "1794"]
[EventDate "2024.03.02"]

1. c4 Nf6 2. Nc3 d5 3. cxd5 Nxd5 4. Nf3 Nxc3 5. bxc3 g6 6. e3 Bg7 7. d4 O-O 8. Be2
c5 9. O-O Nc6 10. a4 Bf5 11. Ba3 cxd4 12. cxd4 Rc8 13. Rb1 Bxb1 14. Qxb1 Qd7 15.
Rc1 Rfe8 16. Bb5 a6 17. Bc4 h6 18. Qa2 e5 19. d5 Na5 20. Be2 Qxa4 21. Bd1 Rxc1 22.
Qd2 Qxd1+ 23. Qxd1 Rxd1+ 0-1

[Event "2024 British Rapidplay Championship"]
[Site "Holiday Inn Peterborough - West"]
[Date "2024.03.02"]
[Round "2.73"]
[White "Manavalan, Keerthi Kumar"]
[Black "Kennedy, Craig"]
[Result "0-1"]
[WhiteFideId "343412661"]
[BlackFideId "408905"]
[WhiteElo "1559"]
[BlackElo "1839"]
[EventDate "2024.03.02"]

1. e4 e6 2. d4 d5 3. exd5 exd5 4. h3 Nf6 5. Nf3 c5 6. dxc5 Bxc5 7. Bd3 O-O 8. O-O
Nc6 9. Bg5 h6 10. Bh4 Qd6 11. Kh1 Bd7 12. Bg3 Qe7 13. c3 Ne4 14. Nbd2 Nxg3+ 15. fxg3
Qd6 16. Kh2 Bb6 17. Nb3 Rae8 18. Bc2 Bc7 19. Qd3 Qxg3+ 20. Kh1 g6 21. Qxd5 Re2 22.
Rg1 Bxh3 23. gxh3 Qxh3+ 24. Nh2 Qxh2# 0-1

[Event "2024 British Rapidplay Championship"]
[Site "Holiday Inn Peterborough - West"]
[Date "2024.03.02"]
[Round "2.75"]
[White "Mohammed Sharifdeen, Mohamed Nasrudeen Meeran"]
[Black "Cheng, Louis"]
[Result "0-1"]
[WhiteFideId "343423736"]
[BlackFideId "2410389"]
[WhiteElo "1551"]
[BlackElo "1840"]
[EventDate "2024.03.02"]

1. e4 c5 2. Nf3 g6 3. c4 Nc6 4. d4 cxd4 5. Nxd4 Nf6 6. Nxc6 bxc6 7. Nc3 d6 8. Bg5
Bg7 9. Bd3 O-O 10. O-O Rb8 11. Rb1 Qa5 12. Bd2 Qc7 13. b3 Rd8 14. Ne2 d5 15. cxd5
cxd5 16. Qe1 Qd7 17. e5 Ng4 18. f4 d4 19. Rf3 Bb7 20. Rg3 Nh6 21. Rd1 Nf5 22. Rh3
Rbc8 23. Ba5 Re8 24. Bd2 Qd5 25. Qf2 Nh6 26. Bc4 Qe4 27. Bd3 Qd5 28. Bc4 Qd7 29.
Qxd4 Qg4 30. Qf2 Red8 31. Rg3 Qf5 32. Rg5 Qc2 33. Qe1 Nf5 34. Rxf5 Qxf5 35. Ba5 Rxd1
36. Qxd1 Qe4 37. Qf1 e6 38. Ng3 Qc6 39. Ne2 Qc5+ 0-1

[Event "2024 British Rapidplay Championship"]
[Site "Holiday Inn Peterborough - West"]
[Date "2024.03.02"]
[Round "2.77"]
[White "Patel, Diah"]
[Black "Cheng, Wing"]
[Result "0-1"]
[WhiteFideId "496677"]
[BlackFideId "343443621"]
[WhiteElo "1545"]
[BlackElo "1829"]
[EventDate "2024.03.02"]

1. e4 e6 2. d4 d5 3. e5 c5 4. c3 Nc6 5. Nf3 Qb6 6. a3 Nge7 7. g3 cxd4 8. cxd4 Nf5
9. Bg2 Nfxd4 10. Nxd4 Qxd4 11. Nd2 Qxe5+ 12. Kf1 Bc5 13. Nf3 Qf6 14. Bg5 Qxb2 15.
Bh3 Qxf2# 0-1

[Event "2024 British Rapidplay Championship"]
[Site "Holiday Inn Peterborough - West"]
[Date "2024.03.02"]
[Round "2.78"]
[White "Graham, Neil"]
[Black "Yu, Robin"]
[Result "1-0"]
[WhiteFideId "408999"]
[BlackFideId "343401333"]
[WhiteElo "1824"]
[BlackElo "1554"]
[EventDate "2024.03.02"]

1. d4 d5 2. e4 dxe4 3. Nc3 Nf6 4. f3 exf3 5. Nxf3 Bg4 6. h3 Bh5 7. g4 Bg6 8. Ne5
Nbd7 9. Qf3 Nxe5 10. dxe5 Nd7 11. Qxb7 Nxe5 12. Bb5+ Nd7 13. Bxd7+ Kxd7 14. Qd5+
Ke8 15. Qc6+ Qd7 16. Qxa8+ Qd8 17. Qxd8+ Kxd8 18. Bf4 Bxc2 19. Rh2 Bg6 20. O-O-O+
Kc8 21. Rhd2 e6 22. Rd8+ Kb7 23. R1d7 Kc6 24. Rxc7+ Kb6 25. Rb8+ Ka6 26. Rc6+ Ka5
27. Rb5# 1-0

[Event "2024 British Rapidplay Championship"]
[Site "Holiday Inn Peterborough - West"]
[Date "2024.03.02"]
[Round "2.79"]
[White "Sudagar, Vidhyuth Kavin"]
[Black "Milewska, Agnieszka"]
[Result "0-1"]
[WhiteFideId "343430244"]
[BlackFideId "1196391"]
[WhiteElo "1542"]
[BlackElo "1823"]
[EventDate "2024.03.02"]

1. c4 e5 2. Nc3 Nf6 3. g3 Nc6 4. Bg2 Bc5 5. Nf3 d6 6. O-O O-O 7. d3 Bg4 8. Bg5 h6
9. Bxf6 Qxf6 10. Nd5 Qd8 11. Qb3 Bb6 12. a4 Bxf3 13. Bxf3 Nd4 14. Qd1 Nxf3+ 15. exf3
c6 16. Nxb6 Qxb6 17. Qc2 Rad8 18. a5 Qd4 19. Qe2 d5 20. Rfd1 dxc4 21. dxc4 Qc5 22.
b3 Rd4 23. Rxd4 exd4 24. Qd3 Qd6 25. Ra4 c5 26. Ra1 Rb8 27. Kg2 Qa6 28. Ra3 b5 29.
Kh3 bxc4 30. bxc4 Rb4 31. Qe4 Qe6+ 32. Kg2 Qxe4 33. fxe4 Rxc4 34. a6 Rb4 35. Kf3
c4 36. Ke2 Rb2+ 37. Ke1 c3 38. h4 Rb1+ 39. Ke2 c2 40. Rd3 c1=Q 41. Rxd4 Qe1+ 42.
Kf3 Qc3+ 43. Rd3 Qxd3+ 44. Kf4 g5+ 45. Kf5 Rb5+ 46. Kf6 Qd6# 0-1

[Event "2024 British Rapidplay Championship"]
[Site "Holiday Inn Peterborough - West"]
[Date "2024.03.02"]
[Round "2.80"]
[White "Smith, Gary P"]
[Black "Ferris, Oliver"]
[Result "1-0"]
[WhiteFideId "424625"]
[BlackFideId "343400850"]
[WhiteElo "1815"]
[BlackElo "1546"]
[EventDate "2024.03.02"]

1. e4 e5 2. Nf3 Nc6 3. d4 exd4 4. Bc4 Be7 5. Nxd4 Bc5 6. Bxf7+ Kf8 7. Nxc6 Qf6 8.
O-O Kxf7 9. Qd5+ Ke8 10. Qxc5 dxc6 11. Nc3 Ne7 12. Bg5 Qd6 13. Qe3 Be6 14. Rad1 Qe5
15. Bf4 Qa5 16. Rd4 Qb6 17. Rfd1 Rf8 18. Qg3 Rc8 19. b3 Ng6 20. Bg5 Kf7 21. Na4 Qb5
22. c4 Bxc4 23. Rxc4 Kg8 24. Nc5 Rfe8 25. h4 Nf8 26. e5 b6 27. Nd3 Qa5 28. Re4 Qd5
29. Qf3 Qe6 30. Rf4 Nd7 31. h5 h6 32. Bh4 Nxe5 33. Nxe5 Qxe5 34. Bg3 Qe6 35. Bh4
c5 36. Rg4 Rf8 37. Qg3 Rf7 38. Rd3 Rcf8 39. Re3 Qf5 40. Rf3 Qxh5 41. Rxf7 Qxf7 42.
Re4 Re8 43. Rxe8+ 1-0

[Event "2024 British Rapidplay Championship"]
[Site "Holiday Inn Peterborough - West"]
[Date "2024.03.02"]
[Round "2.81"]
[White "Bevis, Noah"]
[Black "Vijayakumar, Rishi"]
[Result "0-1"]
[WhiteFideId "343434630"]
[BlackFideId "2408953"]
[WhiteElo "1454"]
[BlackElo "1809"]
[EventDate "2024.03.02"]

1. e4 c6 2. d4 d5 3. exd5 cxd5 4. Bf4 Nc6 5. Nc3 a6 6. Nf3 Nf6 7. Be2 Bg4 8. h3 Bxf3
9. Bxf3 e6 10. Be3 Bb4 11. O-O O-O 12. a3 Bxc3 13. bxc3 h6 14. Qd2 Na5 15. Be2 Rc8
16. Qe1 Nc4 17. Bxc4 Rxc4 18. f3 Qc7 19. Bd2 b5 20. Rb1 Qd6 21. Rb4 Rfc8 22. Qb1
Nh5 23. Qc1 Ng3 24. Re1 Nf5 25. Bf4 Qd8 26. Bd2 Qf6 27. Qa1 Qg6 28. Rxc4 Rxc4 29.
Qd1 Nh4 30. g4 Qf6 31. Kf2 Ng6 32. Qe2 Nf4 33. Bxf4 Qxf4 34. Qd3 Qc7 35. Re3 Qh2+
36. Ke1 Ra4 37. Re2 Qg3+ 38. Kd2 Rxa3 39. Qe3 b4 40. Re1 Rxc3 41. Qe2 Qf4+ 42. Kd1
Ra3 43. Qf2 Rxf3 44. Qe2 Ra3 45. Qg2 Qxd4+ 46. Ke2 Re3+ 0-1

[Event "2024 British Rapidplay Championship"]
[Site "Holiday Inn Peterborough - West"]
[Date "2024.03.02"]
[Round "2.82"]
[White "Williams, Ana"]
[Black "Dupuis, Daniel"]
[Result "1-0"]
[WhiteFideId "343419771"]
[BlackFideId "343410529"]
[WhiteElo "1804"]
[BlackElo "1542"]
[EventDate "2024.03.02"]

1. e4 c6 2. d4 d5 3. f3 g6 4. e5 Bg7 5. f4 Bf5 6. Nf3 h5 7. Nc3 e6 8. Be3 Qb6 9.
Na4 Qa5+ 10. c3 Nd7 11. b4 Qc7 12. Bd3 Bxd3 13. Qxd3 b5 14. Nb2 a5 15. O-O Ne7 16.
Ng5 Nf5 17. a4 axb4 18. axb5 Rxa1 19. Rxa1 Nxe3 20. Qxe3 cxb5 21. cxb4 O-O 22. Rc1
Qb7 23. Qc3 Nb6 24. Qc7 Qxc7 25. Rxc7 Nc4 26. Nd3 Bh6 27. Nc5 Bxg5 28. fxg5 Rb8 29.
Nd7 Nd2 30. Nxb8 Nb3 31. Nd7 Nxd4 32. Nf6+ Kg7 33. Rc8 Ne2+ 34. Kf2 Nf4 35. Rg8#
1-0

[Event "2024 British Rapidplay Championship"]
[Site "Holiday Inn Peterborough - West"]
[Date "2024.03.02"]
[Round "2.83"]
[White "Li, Xiaofan"]
[Black "Borgars, Alan"]
[Result "1-0"]
[WhiteFideId "343432689"]
[BlackFideId "343433880"]
[WhiteElo "1771"]
[BlackElo "1522"]
[EventDate "2024.03.02"]

1. e4 c5 2. Nf3 d6 3. d4 cxd4 4. Nxd4 Nf6 5. Nc3 a6 6. Bd3 e5 7. Nf3 Nc6 8. h3 Be7
9. O-O O-O 10. Be3 h6 11. a3 b5 12. Nh4 Nh7 13. Nf5 Bxf5 14. exf5 Ng5 15. Qg4 Bf6
16. h4 Nh7 17. Be4 Rc8 18. Bxh6 Kh8 19. Be3 Ne7 20. Rad1 Rc4 21. Qh5 d5 22. Nxd5
Rxe4 23. Nxf6 gxf6 24. Rxd8 Rxd8 25. Qxf7 Nxf5 26. g3 Rg8 27. Rd1 Rxh4 28. Bb6 Rh6
29. Rd8 Rxd8 30. Bxd8 Nd6 31. Qe6 Ne4 32. Qc8 Kg7 33. Qb7+ Kg6 34. Qxe4+ Kg7 35.
Qb7+ Kg6 36. Qxa6 Kf5 37. Qxb5 Ng5 38. Qd7+ Kg6 39. Bb6 Nf3+ 40. Kg2 Ne1+ 41. Kf1
Rh1+ 42. Ke2 Ng2 43. Be3 Nxe3 44. Qe8+ Kf5 45. Kxe3 Re1+ 46. Kd2 Re4 47. Qd7+ Kg5
48. f3 Rd4+ 49. Qxd4 exd4 50. a4 1-0

[Event "2024 British Rapidplay Championship"]
[Site "Holiday Inn Peterborough - West"]
[Date "2024.03.02"]
[Round "2.84"]
[White "Ebbutt, Samuel"]
[Black "Fairhurst, Frederick"]
[Result "0-1"]
[WhiteFideId "343421644"]
[BlackFideId "343425682"]
[WhiteElo "1521"]
[BlackElo "1600"]
[EventDate "2024.03.02"]

1. d4 Nf6 2. Nf3 g6 3. Bg5 Bg7 4. e3 d5 5. c4 O-O 6. Nc3 Bg4 7. Be2 dxc4 8. Bxc4
h6 9. Bh4 Nbd7 10. O-O Re8 11. h3 Bxf3 12. Qxf3 Nb6 13. Bb3 c6 14. Rad1 Nfd5 15.
e4 Nf6 16. Bxf6 exf6 17. Rfe1 Qc7 18. Rc1 Qd7 19. Rcd1 Rad8 20. d5 cxd5 21. Nxd5
Nxd5 22. Bxd5 Qb5 23. Qb3 Qxb3 24. Bxb3 Rxd1 25. Rxd1 Rxe4 26. Rd7 Rb4 27. Bxf7+
Kf8 28. Bb3 b6 29. Rf7+ Kg8 30. Rxa7+ Kf8 31. Rf7+ Kg8 32. Rxf6+ Rxb3 33. axb3 Bxf6
34. Kf1 Bxb2 35. Ke2 Be5 36. Ke3 Kf7 37. f4 Bd6 38. Ke4 Ke6 39. g4 g5 40. f5+ Kf6
41. Kd5 Bc5 42. Ke4 Be7 43. Kd5 b5 44. Ke4 b4 45. Kd5 Bf8 46. Ke4 Ke7 47. Ke5 Bg7+
48. Kd5 Bc3 49. Kc5 Kf6 50. Kd5 h5 51. Ke4 h4 52. Kd5 Ke7 53. Kc5 Kd7 54. Kd5 Bd2
55. Kc5 Be1 56. Kd5 Bc3 57. Kc5 Kc7 58. Kd5 Kd7 59. Kc5 Bf6 60. Kd5 Bg7 61. Kc5 Bf8+
62. Kd5 Ke7 63. Ke5 Kf7 64. Kd5 Kf6 65. Ke4 Bg7 66. Kd5 Ke7 67. Kc5 Kd7 68. Kd5 Kc7
69. Ke6 Kc6 70. f6 Bf8 71. Ke5 Kc5 72. Ke4 Kd6 73. f7 Ke6 74. Kd4 Kxf7 75. Ke5 Kg6
76. Ke6 Bg7 77. Ke7 Bc3 78. Ke6 Bf6 79. Kd5 Kf7 80. Kc4 Ke6 81. Kxb4 Ke5 82. Kc5
Kf4 83. Kd5 Kg3 84. b4 Kxh3 85. b5 Bc3 86. b6 Be1 87. Ke4 Kxg4 88. Ke3 Bg3 89. Ke2
Kf5 90. Kf1 Ke6 91. Kg2 Kd7 92. b7 Kc7 93. b8=N Kxb8 94. Kh3 Bf4 95. Kg4 Be5 96.
Kh3 Kc7 97. Kg4 Kd6 98. Kh3 Ke6 99. Kg4 Kf6 100. Kh3 Kf5 101. Kg2 Kf4 102. Kh3 g4+
103. Kh2 g3+ 104. Kh3 Kf3 105. Kxh4 g2 106. Kh3 g1=Q 0-1

[Event "2024 British Rapidplay Championship"]
[Site "Holiday Inn Peterborough - West"]
[Date "2024.03.02"]
[Round "2.85"]
[White "McClennon, David"]
[Black "Graff, Ben"]
[Result "0-1"]
[WhiteFideId "456152"]
[BlackFideId "424170"]
[WhiteElo "1512"]
[BlackElo "1782"]
[EventDate "2024.03.02"]

1. c4 e5 2. g3 Nf6 3. Bg2 Be7 4. Nc3 O-O 5. e3 Re8 6. Nge2 c6 7. d4 exd4 8. exd4
d6 9. O-O Bg4 10. b4 Qd7 11. b5 Bh3 12. Nf4 Bxg2 13. Nxg2 d5 14. bxc6 Qxc6 15. c5
Nbd7 16. Bb2 b6 17. cxb6 Nxb6 18. Ne3 Nc4 19. Nxc4 Qxc4 20. Rc1 Qb4 21. Qc2 Rac8
22. Qb3 Qxb3 23. axb3 Rb8 24. Rfe1 Rxb3 25. Na4 Rb4 26. Ra1 h6 27. Re2 Bd6 28. Rd2
Reb8 29. Ra2 Rc4 30. Bc3 Ne4 31. Rd3 Rb3 32. Rb2 Rxb2 33. Nxb2 Rxc3 0-1

[Event "2024 British Rapidplay Championship"]
[Site "Holiday Inn Peterborough - West"]
[Date "2024.03.02"]
[Round "2.86"]
[White "Zhang, Junyi"]
[Black "Kulibaev, Richard"]
[Result "1-0"]
[WhiteFideId "494437"]
[BlackFideId "343406050"]
[WhiteElo "1701"]
[BlackElo "1503"]
[EventDate "2024.03.02"]

1. e4 e5 2. Nf3 Nc6 3. Bc4 Bc5 4. c3 Nf6 5. d4 exd4 6. e5 d5 7. Bb5 Qe7 8. O-O Nd7
9. cxd4 Bb4 10. a3 Ba5 11. Qa4 Bb6 12. Bxc6 bxc6 13. Qxc6 Ba6 14. Qxa8+ Qd8 15. Qxd8+
Kxd8 16. Re1 Ba5 17. b4 Bb6 18. b5 Bxb5 19. a4 Ba5 20. axb5 Bxe1 21. Rxa7 Bxf2+ 22.
Kxf2 Nb6 23. Nc3 Kd7 24. Ba3 Nc4 25. Nxd5 Ke6 26. Nxc7+ Kf5 27. Bc5 Rc8 28. b6 Na5
29. Rxa5 Rb8 30. Ra8 Rb7 31. Ne8 Rd7 32. b7 Rxb7 33. Nd6+ 1-0

[Event "2024 British Rapidplay Championship"]
[Site "Holiday Inn Peterborough - West"]
[Date "2024.03.02"]
[Round "2.87"]
[White "Butler, Rene"]
[Black "Gunarathne, Senith"]
[Result "0-1"]
[WhiteFideId "486922"]
[BlackFideId "343104324"]
[WhiteElo "1497"]
[BlackElo "1591"]
[EventDate "2024.03.02"]

1. b4 e5 2. Bb2 d6 3. e3 Nf6 4. Be2 Be6 5. a3 Nbd7 6. c4 d5 7. cxd5 Bxd5 8. Nf3 Bd6
9. Nc3 Be6 10. Nb5 O-O 11. Nxd6 cxd6 12. O-O Rc8 13. Rc1 Qb6 14. Ng5 Bf5 15. Bg4
Bxg4 16. Qxg4 0-1

[Event "2024 British Rapidplay Championship"]
[Site "Holiday Inn Peterborough - West"]
[Date "2024.03.02"]
[Round "2.88"]
[White "Siu, Kam Wa"]
[Black "Casti, Cristina"]
[Result "1-0"]
[WhiteFideId "6008860"]
[BlackFideId "2819045"]
[WhiteElo "1456"]
[BlackElo "1495"]
[EventDate "2024.03.02"]

1. e4 e5 2. Nf3 d5 3. exd5 e4 4. Qe2 Nf6 5. d3 Bd6 6. dxe4 O-O 7. Nc3 Re8 8. Bg5
h6 9. Bxf6 Qxf6 10. O-O-O Bg4 11. h3 Bh5 12. g4 Bg6 13. Nd2 Nd7 14. f3 a6 15. Nc4
Bf4+ 16. Kb1 b5 17. Na5 Nb6 18. Nc6 Qd6 19. a3 Nc4 20. Ka2 f5 21. gxf5 Bxf5 22. Rg1
g5 23. Rd3 Bg6 24. h4 Kh7 25. hxg5 Bxg5 26. Bh3 Ne5 27. Nxe5 Rxe5 28. Qh2 Rxd5 29.
Qxd6 Rxd6 30. Rxd6 cxd6 31. Rd1 Bf4 32. Ne2 Bh2 33. Rh1 Be5 34. f4 Bg7 35. f5 Bf7+
36. Kb1 Re8 37. Bg2 Be5 38. Bf3 Bc4 39. Nc3 Rg8 40. Nd5 Rg3 41. Bd1 Rg2 42. Ne3 Rh2
43. Rxh2 Bxh2 44. Nxc4 bxc4 45. Be2 Be5 46. Bxc4 h5 47. Bxa6 h4 48. Bf1 Kg7 49. b4
Bc3 50. b5 Ba5 51. Kb2 Kf6 52. Kb3 Ke5 53. Ka4 Bb6 54. Kb4 Kxe4 55. f6 Bc5+ 56. Ka5
d5 57. b6 Ke5 58. b7 Bd6 59. f7 Bc7+ 60. Kb5 1-0

[Event "2024 British Rapidplay Championship"]
[Site "Holiday Inn Peterborough - West"]
[Date "2024.03.02"]
[Round "2.89"]
[White "Arun, Saiarya"]
[Black "De Silva, Sithun"]
[Result "0-1"]
[WhiteFideId "343412548"]
[BlackFideId "343419925"]
[WhiteElo "1485"]
[BlackElo "1737"]
[EventDate "2024.03.02"]

1. e4 e6 2. d4 d5 3. exd5 exd5 4. c4 c6 5. Bf4 Bd6 6. Bxd6 Qxd6 7. Nc3 Nf6 8. Nf3
O-O 9. Be2 dxc4 10. Bxc4 Re8+ 11. Ne2 Qb4+ 12. Qd2 Qxc4 13. Ne5 Qe6 14. Nf4 Qe7 15.
O-O Nbd7 16. Rfe1 Qd8 17. Qc2 Nxe5 18. dxe5 Nd5 19. Rad1 Be6 20. Nd3 Bf5 21. Qc4
Bxd3 22. Rxd3 Qe7 23. Rg3 Qb4 24. Qe2 Nf4 25. Qe3 Rad8 26. Rf1 Qd4 27. Qf3 Qxe5 28.
Qg4 Ne2+ 29. Kh1 Nxg3+ 30. fxg3 Qe2 31. h3 Qe6 32. Qf5 Qe2 33. Rd1 Qxd1+ 34. Kh2
Qd7 35. Qa5 b6 36. Qa6 g6 37. h4 Qc7 0-1

[Event "2024 British Rapidplay Championship"]
[Site "Holiday Inn Peterborough - West"]
[Date "2024.03.02"]
[Round "2.90"]
[White "Herring, Tim JC"]
[Black "Ou, Siyao"]
[Result "1-0"]
[WhiteFideId "429775"]
[BlackFideId "343405649"]
[WhiteElo "1755"]
[BlackElo "1480"]
[EventDate "2024.03.02"]

1. d4 e6 2. Bf4 d5 3. Nf3 c5 4. e3 Nc6 5. c3 Qb6 6. Qc2 Nf6 7. Nbd2 Ne4 8. Nxe4 dxe4
9. Nd2 f5 10. Be2 Be7 11. Bh5+ g6 12. Be2 O-O 13. Rd1 g5 14. Nc4 Qa6 15. Bd6 cxd4
16. exd4 Bxd6 17. Nxd6 Qxa2 18. Bc4 Qa5 19. Nxc8 Rd8 20. O-O Kf7 21. Qb3 Kf6 22.
Bxe6 Qc7 23. d5 Ne5 24. d6 Qc6 25. Ne7 Qa6 26. Nxf5 b5 27. Ng3 Rab8 1-0

[Event "2024 British Rapidplay Championship"]
[Site "Holiday Inn Peterborough - West"]
[Date "2024.03.02"]
[Round "2.91"]
[White "Sriram, Gautam"]
[Black "Takvorian, Sebouh"]
[Result "0-1"]
[WhiteFideId "498491"]
[BlackFideId "430960"]
[WhiteElo "1480"]
[BlackElo "1735"]
[EventDate "2024.03.02"]

1. e4 e6 2. d4 d5 3. exd5 exd5 4. Bd3 Bd6 5. Nf3 Ne7 6. O-O Nbc6 7. c3 Bg4 8. h3
Bh5 9. Be3 Qd7 10. Nbd2 O-O-O 11. b4 f6 12. Qc2 g5 13. b5 Nb8 14. Ne1 g4 15. h4 f5
16. Bg5 Rdf8 17. Bxe7 Bxe7 18. g3 f4 19. gxf4 Rxf4 20. Ng2 Rf7 21. a4 Qd8 22. Bf5+
Nd7 23. Nf4 Bg6 24. Nxg6 hxg6 25. Bxg6 Rg7 26. h5 Nf6 27. Bf5+ Kb8 28. Kg2 Nxh5 29.
Rh1 Nf4+ 30. Kg3 Ne2+ 31. Kg2 Bd6 32. Rxh8 Qxh8 33. Rh1 Nf4+ 34. Kg1 Nh3+ 35. Kg2
Qh4 36. Nb3 Qg5 37. Re1 Nf4+ 38. Kg1 Rg8 39. Nc5 Qh4 40. Nd7+ Ka8 41. a5 Rh8 42.
Bh7 g3 43. fxg3 Qxg3+ 44. Kf1 Qh3+ 45. Kg1 Qxd7 46. Bf5 Qg7+ 47. Kf2 Qg2+ 48. Ke3
Re8+ 49. Be4 Qxc2 50. Kf3 Qg2+ 51. Ke3 Rxe4# 0-1

[Event "2024 British Rapidplay Championship"]
[Site "Holiday Inn Peterborough - West"]
[Date "2024.03.02"]
[Round "2.92"]
[White "Mehta, Hatle"]
[Black "Smith, Andrew PE"]
[Result "0-1"]
[WhiteFideId "488003"]
[BlackFideId "469793"]
[WhiteElo "1447"]
[BlackElo "1645"]
[EventDate "2024.03.02"]

1. d4 Nf6 2. Bf4 d6 3. e3 c6 4. Nf3 Qb6 5. b3 g6 6. Nbd2 Nh5 7. Bg3 Nxg3 8. hxg3
Bg7 9. Bc4 d5 10. Bd3 O-O 11. Ng5 h6 12. Ngf3 Bg4 13. Rh4 h5 14. Be2 Nd7 15. c4 e6
16. c5 Qa5 17. Kf1 Bf6 18. Rh2 Nxc5 19. Ne5 Bxe2+ 20. Qxe2 Bxe5 21. dxe5 Qa6 22.
Qxa6 Nxa6 23. Nf3 Nc5 24. Rd1 Ne4 25. Nd2 Nxd2+ 26. Rxd2 c5 27. f4 Rfd8 28. Rc2 Rac8
29. Ke2 b5 30. Rh1 a5 31. Rhc1 c4 32. a3 d4 33. bxc4 d3+ 34. Kf3 dxc2 35. Rxc2 Rxc4
36. Rb2 b4 37. axb4 axb4 38. g4 hxg4+ 39. Kxg4 Rd3 40. Kg5 Kg7 41. Re2 b3 42. g4
Rc2 0-1

[Event "2024 British Rapidplay Championship"]
[Site "Holiday Inn Peterborough - West"]
[Date "2024.03.02"]
[Round "2.93"]
[White "Jacklin, Sam"]
[Black "Bennet, Freddie"]
[Result "1-0"]
[WhiteFideId "343414850"]
[BlackFideId "343437133"]
[WhiteElo "1723"]
[BlackElo "1460"]
[EventDate "2024.03.02"]

1. d4 Nf6 2. c4 e6 3. g3 d5 4. Bg2 b6 5. Nf3 Bb7 6. O-O Bd6 7. Qc2 Nbd7 8. Nc3 dxc4
9. e4 e5 10. Re1 O-O 11. Bg5 h6 12. Bxf6 Qxf6 13. Rad1 Rfe8 14. Nb5 Bb4 15. Re2 Qc6
16. Nc3 Qf6 17. Nd5 Bxd5 18. exd5 b5 19. b3 cxb3 20. Qxc7 Qd6 21. Qxd6 Bxd6 22. axb3
exd4 23. Rxe8+ Rxe8 24. Nxd4 a6 25. Ra1 Nc5 26. b4 Na4 27. Nc6 Re2 28. Rb1 Rd2 29.
Bf3 Nc3 30. Ra1 Nxd5 31. Bxd5 Rxd5 32. Rxa6 Rd1+ 33. Kg2 Rb1 34. Rb6 Kh7 35. Rxb5
Bc5 36. Rxc5 1-0

[Event "2024 British Rapidplay Championship"]
[Site "Holiday Inn Peterborough - West"]
[Date "2024.03.02"]
[Round "2.94"]
[White "Ou, Siyuan"]
[Black "Letton, Rob"]
[Result "1/2-1/2"]
[WhiteFideId "343405657"]
[BlackFideId "464384"]
[WhiteElo "1434"]
[BlackElo "1722"]
[EventDate "2024.03.02"]

1. e4 c5 2. Nf3 Nc6 3. d4 cxd4 4. Nxd4 g6 5. Be3 Bg7 6. Nc3 Nf6 7. f3 O-O 8. Qd2
a6 9. O-O-O b5 10. a3 Bb7 11. h4 h5 12. Nb3 d6 13. Be2 Ne5 14. Bh6 Nc4 15. Qf4 Qb6
16. Bxg7 Kxg7 17. Nd4 e5 18. Nf5+ gxf5 19. Qg5+ Kh7 20. Qxf5+ Kg7 21. Qg5+ Kh7 22.
Qxf6 Qe3+ 23. Kb1 Rad8 24. Qf5+ Kg7 25. Qxh5 Nxa3+ 26. bxa3 Qxc3 27. Qg5+ Kh7 28.
Qc1 b4 29. axb4 Qxb4+ 30. Qb2 Qxb2+ 31. Kxb2 Rb8 32. Kc1 Rfd8 33. Bd3 a5 34. g3 a4
35. Kd2 Kg7 36. Ra1 Ra8 37. Bb5 a3 38. Bc4 d5 39. exd5 Bxd5 40. Bxd5 Rxd5+ 41. Ke3
a2 42. Ke4 Rc5 43. Rh2 f6 44. c3 Ra4+ 45. Kd3 Ra3 46. Raxa2 Rcxc3+ 47. Ke4 Rc4+ 48.
Kd5 Rac3 49. Ra7+ Kg6 50. h5+ Kh6 51. Rf7 Rc5+ 52. Kd6 Rc6+ 53. Kd5 R6c5+ 54. Ke4
R5c4+ 55. Kd5 Rc5+ 1/2-1/2

[Event "2024 British Rapidplay Championship"]
[Site "Holiday Inn Peterborough - West"]
[Date "2024.03.02"]
[Round "2.95"]
[White "Railwani, Tavish"]
[Black "Gunarathne, Miheli"]
[Result "1-0"]
[WhiteFideId "2410249"]
[BlackFideId "343409504"]
[WhiteElo "1714"]
[BlackElo "1441"]
[EventDate "2024.03.02"]

1. e4 d5 2. exd5 Nf6 3. Nc3 Nxd5 4. Nxd5 Qxd5 5. d4 Nc6 6. Nf3 Bg4 7. Be3 e6 8. Be2
Be7 9. O-O O-O 10. h3 Bh5 11. Qd2 Rfe8 12. a3 a6 13. c4 Qd7 14. b4 b5 15. cxb5 axb5
16. Rfc1 Reb8 17. Rxc6 Qxc6 18. Ne5 Qd5 19. Bxh5 f6 20. Bf3 Qd6 21. Nc6 Rf8 22. Nxe7+
Qxe7 23. Bxa8 Rxa8 24. Qc3 e5 25. dxe5 fxe5 26. Bc5 Qe6 27. Rb1 Kh8 28. Re1 1-0

[Event "2024 British Rapidplay Championship"]
[Site "Holiday Inn Peterborough - West"]
[Date "2024.03.02"]
[Round "2.96"]
[White "Ashcroft, Ben"]
[Black "Kennedy, Aden"]
[Result "0-1"]
[WhiteFideId "343440916"]
[BlackFideId "343401015"]
[WhiteElo "1376"]
[BlackElo "1639"]
[EventDate "2024.03.02"]

1. e4 g6 2. Nf3 Bg7 3. d4 c5 4. Nc3 cxd4 5. Nxd4 Nc6 6. Be3 Nf6 7. Bb5 O-O 8. O-O
a6 9. Ba4 b5 10. Bb3 Qc7 11. a3 Bb7 12. Qc1 Nxe4 13. Nxc6 Qxc6 14. Bd5 Nxc3 15. Bxc6
Ne2+ 16. Kh1 Nxc1 17. Bxb7 Rab8 18. Bf3 Bxb2 19. Rb1 Bxa3 20. Bxc1 Bc5 21. Be2 Rfc8
22. c4 b4 23. f3 a5 24. Rd1 d6 25. Rd3 a4 26. Be3 Bxe3 27. Rxe3 b3 28. Rb2 a3 29.
Rbxb3 a2 0-1

[Event "2024 British Rapidplay Championship"]
[Site "Holiday Inn Peterborough - West"]
[Date "2024.03.02"]
[Round "2.97"]
[White "Shankar, Yashwardhan"]
[Black "Amir, Zain"]
[Result "1-0"]
[WhiteFideId "2411067"]
[BlackFideId "473227"]
[WhiteElo "1254"]
[BlackElo "1689"]
[EventDate "2024.03.02"]

1. d4 Nc6 2. Bf4 d6 3. Nf3 Nf6 4. Nc3 Bg4 5. e3 e6 6. Be2 Be7 7. O-O O-O 8. h3 Bh5
9. e4 d5 10. exd5 Nxd5 11. Nxd5 exd5 12. c3 Bd6 13. Ne5 Bxe2 14. Qxe2 Re8 15. Qh5
Qf6 16. Bg5 Qe6 17. f4 Nxe5 18. fxe5 Be7 19. Bxe7 Qxe7 20. Rf3 c5 21. Raf1 Rf8 22.
Rg3 g6 23. Rf4 cxd4 24. cxd4 Kh8 25. Qh6 f5 26. Rxg6 Rac8 27. Rg5 Rc6 28. Qh5 Rc2
29. Rfxf5 Rxb2 30. Rxf8+ Qxf8 31. Rf5 Qg8 32. Qf3 Qg6 33. Rf6 Qg5 34. e6 Rb1+ 35.
Kh2 Re1 36. Rf8+ Kg7 37. Rf7+ Kg6 38. Rf8 Re3 39. Rg8+ Kh6 40. Qf8+ 1-0